I am a star child of the holocaust / (Record no. 4651)
[ view plain ]
| 000 -LEADER | |
|---|---|
| fixed length control field | 00919nam a22002657a 4500 |
| 001 - CONTROL NUMBER | |
| control field | 4651 |
| 003 - CONTROL NUMBER IDENTIFIER | |
| control field | FISKH |
| 005 - DATE AND TIME OF LATEST TRANSACTION | |
| control field | 20251020141541.0 |
| 008 - FIXED-LENGTH DATA ELEMENTS--GENERAL INFORMATION | |
| fixed length control field | 240919b cb ||||| |||| 00| 0 eng d |
| 020 ## - INTERNATIONAL STANDARD BOOK NUMBER | |
| International Standard Book Number | 9780439880008 |
| 040 ## - CATALOGING SOURCE | |
| Original cataloging agency | FISKH |
| Language of cataloging | eng |
| Transcribing agency | FISKH |
| Modifying agency | FISKH |
| 050 ## - LIBRARY OF CONGRESS CALL NUMBER | |
| Classification number | DS135.G4 |
| 082 ## - DEWEY DECIMAL CLASSIFICATION NUMBER | |
| Edition number | 940.53 |
| 100 ## - MAIN ENTRY--PERSONAL NAME | |
| Personal name | Auerbacher, Inge |
| Dates associated with a name | 1934- |
| 245 ## - TITLE STATEMENT | |
| Title | I am a star child of the holocaust / |
| Statement of responsibility, etc. | Inge Auerbacher with Illustrations by Israel Bernbaum |
| 250 ## - EDITION STATEMENT | |
| Edition statement | First printing in 2006 |
| 260 ## - PUBLICATION, DISTRIBUTION, ETC. | |
| Place of publication, distribution, etc. | New York : |
| Name of publisher, distributor, etc. | Scholastic, |
| Date of publication, distribution, etc. | 2006. |
| 300 ## - PHYSICAL DESCRIPTION | |
| Extent | 87 pages : |
| Other physical details | illustrations ; |
| Dimensions | 20cm |
| 520 ## - SUMMARY, ETC. | |
| Summary, etc. | The author's reminiscences about her childhood in Germany, years of which were spent in a Nazi concentration camp. Includes several of her original poems. |
| 650 ## - SUBJECT ADDED ENTRY--TOPICAL TERM | |
| Source of heading or term | Non-fiction |
| Topical term or geographic name entry element | Concentration camps |
| 650 ## - SUBJECT ADDED ENTRY--TOPICAL TERM | |
| Source of heading or term | History |
| Topical term or geographic name entry element | WWII |
| 700 ## - ADDED ENTRY--PERSONAL NAME | |
| Personal name | Bernbaum, Israel |
| Dates associated with a name | Illustrator |
| 942 ## - ADDED ENTRY ELEMENTS (KOHA) | |
| Source of classification or shelving scheme | Dewey Decimal Classification |
| Koha item type | Books |
| Suppress in OPAC | No |
| Withdrawn status | Lost status | Source of classification or shelving scheme | Damaged status | Not for loan | Collection | Home library | Current library | Shelving location | Date acquired | Total Checkouts | Full call number | Barcode | Date last seen | Date last checked out | Copy number | Price effective from | Koha item type |
|---|---|---|---|---|---|---|---|---|---|---|---|---|---|---|---|---|---|
| Dewey Decimal Classification | Non-Fiction | Footprints International School Library Network Toul Tom Poung Campus | Footprints International School Library Network Toul Tom Poung Campus | TTP Secondary Non-Fiction Bookshelves | 09/19/2024 | 1 | BER 940.53 DS135.G4 | 2024-2022 | 12/19/2025 | 08/20/2025 | 1 | 09/19/2024 | Books |
